[Event "28. Klatovy A 2022"]
[Site "Klatovy"]
[Date "2022.07.03"]
[Round "2.26"]
[White "Cecil, Pavel"]
[Black "Mik, Tomas"]
[Result "0-1"]
[WhiteElo "1898"]
[BlackElo "1683"]
[PlyCount "64"]
[EventDate "2022.07.02"]
[EventType "swiss"]
[EventRounds "9"]
[EventCountry "CZE"]

1. Nf3 Nf6 2. c4 c6 3. Nc3 d5 4. cxd5 cxd5 5. d4 Nc6 6. e3 e6 7. a3 Be7 8. Bd3 O-O 9. O-O b6 10. b4 Bb7 11. Bb2 Rc8 12. Rc1 Bd6 13. Qe2 a5 14. b5 Ne7 15. Ne5 Ng6 16. f4 Qe7 17. Na4 Bc7 18. Rc2 Nxe5 19. fxe5 Ne4 20. Rfc1 f6 21. Bxe4 dxe4 22. exf6 Rxf6 23. Nxb6 Qd6 24. Rxc7 Rxc7 25. Rxc7 Qxc7 26. Nc4 Bd5 27. Ne5 Qb7 28. a4 Bb3 29. Nc6 Bxa4 30. Nxa5 Qxb5 31. Qxb5 Bxb5 32. h3 Rf1+ 0-1

[Event "28. Klatovy A 2022"]
[Site "Klatovy"]
[Date "2022.07.03"]
[Round "2.27"]
[White "Paldus, Jan"]
[Black "Mametev, Artem"]
[Result "0-1"]
[WhiteElo "1709"]
[BlackElo "1888"]
[PlyCount "56"]
[EventDate "2022.07.02"]
[EventType "swiss"]
[EventRounds "9"]
[EventCountry "CZE"]

1. e4 c5 2. Nf3 d6 3. d4 cxd4 4. Nxd4 Nf6 5. Nc3 a6 6. Bg5 Nbd7 7. a4 e6 8. Be2 Be7 9. O-O O-O 10. Nb3 b6 11. f4 Bb7 12. Bf3 Rc8 13. Qe2 Qc7 14. Rae1 e5 15. f5 Rfe8 16. Qd3 Qc4 17. Qxc4 Rxc4 18. Be2 Rxc3 19. bxc3 Nxe4 20. Bxe7 Rxe7 21. Bf3 Ndf6 22. Rd1 a5 23. g4 d5 24. Bxe4 Nxe4 25. Rf3 Rc7 26. Rdd3 Kf8 27. h4 Rc4 28. f6 Nxf6 0-1

[Event "28. Klatovy A 2022"]
[Site "Klatovy"]
[Date "2022.07.04"]
[Round "3.1"]
[White "Jurek, Josef"]
[Black "Straka, Vojtech"]
[Result "1/2-1/2"]
[WhiteElo "2200"]
[BlackElo "2421"]
[PlyCount "41"]
[EventDate "2022.07.02"]
[EventType "swiss"]
[EventRounds "9"]
[EventCountry "CZE"]

1. d4 d5 2. c4 c6 3. cxd5 cxd5 4. Nc3 Nf6 5. Bf4 Nc6 6. e3 a6 7. Bd3 Bg4 8. Nge2 e6 9. O-O Bd6 10. Bxd6 Qxd6 11. f3 Bh5 12. Nf4 Bg6 13. Nxg6 hxg6 14. f4 g5 15. Qf3 O-O-O 16. Rac1 Kb8 17. a3 gxf4 18. Qxf4 e5 19. dxe5 Nxe5 20. Be2 Rh6 21. Rcd1 1/2-1/2

[Event "28. Klatovy A 2022"]
[Site "Klatovy"]
[Date "2022.07.04"]
[Round "3.2"]
[White "Janous, Marek"]
[Black "Hurdzan, Tomas"]
[Result "1/2-1/2"]
[WhiteElo "2175"]
[BlackElo "2317"]
[PlyCount "32"]
[EventDate "2022.07.02"]
[EventType "swiss"]
[EventRounds "9"]
[EventCountry "CZE"]

1. e4 c5 2. Nf3 e6 3. g3 Nc6 4. Bg2 Nf6 5. Qe2 e5 6. O-O Be7 7. c3 d6 8. Rd1 O-O 9. d3 Re8 10. Bg5 h6 11. Bxf6 Bxf6 12. Na3 Be6 13. Nc4 Qd7 14. Ne3 g6 15. h4 h5 16. Kh2 Ne7 1/2-1/2

[Event "28. Klatovy A 2022"]
[Site "Klatovy"]
[Date "2022.07.04"]
[Round "3.4"]
[White "Slovak, Kilian"]
[Black "Simet, Martin"]
[Result "1/2-1/2"]
[WhiteElo "2321"]
[BlackElo "2155"]
[PlyCount "68"]
[EventDate "2022.07.02"]
[EventType "swiss"]
[EventRounds "9"]
[EventCountry "CZE"]

1. e4 c6 2. d4 d5 3. e5 c5 4. Nf3 Nc6 5. c4 cxd4 6. Nxd4 e6 7. Nc3 Bb4 8. Qg4 Nxe5 9. Qxg7 Ng6 10. Nc2 Bc5 11. cxd5 e5 12. Ne4 Bf8 13. Bb5+ Bd7 14. Bxd7+ Qxd7 15. Nf6+ Nxf6 16. Qxf6 Qb5 17. Bd2 Qxb2 18. Qf5 Qb5 19. Ne3 Bg7 20. h4 Nf4 21. Qg4 h5 22. Qd1 O-O-O 23. g3 Nxd5 24. Qb3 Qxb3 25. axb3 Kb8 26. Ke2 Bh6 27. Ra5 Nxe3 28. Bxe3 Bxe3 29. Kxe3 f6 30. Rha1 a6 31. Ke4 Rd4+ 32. Kf5 Rd3 33. R1a2 Rf3+ 34. Kg6 Kc7 1/2-1/2

[Event "28. Klatovy A 2022"]
[Site "Klatovy"]
[Date "2022.07.04"]
[Round "3.5"]
[White "Hausner, Ivan"]
[Black "Jun, Rudolf Jr"]
[Result "1-0"]
[WhiteElo "2290"]
[BlackElo "2134"]
[PlyCount "120"]
[EventDate "2022.07.02"]
[EventType "swiss"]
[EventRounds "9"]
[EventCountry "CZE"]

1. g3 d5 2. Bg2 g6 3. Nf3 Bg7 4. O-O c5 5. d3 Nc6 6. Nbd2 Nf6 7. e4 O-O 8. Re1 dxe4 9. dxe4 Bg4 10. h3 Bxf3 11. Bxf3 e5 12. c3 Qd7 13. Kg2 Rad8 14. Qe2 Qd3 15. Qxd3 Rxd3 16. Be2 Rd6 17. Bb5 Na5 18. Nc4 Nxc4 19. Bxc4 Rfd8 20. f3 Ne8 21. Be3 b6 22. a4 a5 23. Kf2 Nc7 24. Ke2 Kf8 25. Red1 Rxd1 26. Rxd1 Rxd1 27. Kxd1 Bf6 28. b4 Be7 29. bxa5 bxa5 30. Kc2 Na8 31. Bb5 Nb6 32. c4 Na8 33. Bd2 Bd8 34. Bc6 Nc7 35. Bxa5 Ke7 36. Bd5 f6 37. Bc3 Kd6 38. Kb3 Na6 39. a5 Nc7 40. f4 exf4 41. gxf4 f5 42. Be5+ Kd7 43. Bb7 Ne6 44. exf5 Nd4+ 45. Bxd4 cxd4 46. a6 Kc7 47. fxg6 hxg6 48. c5 Be7 49. Be4 Bxc5 50. Kc4 Kd6 51. Bxg6 Ba7 52. h4 Ke6 53. h5 Kf6 54. Bd3 Kg7 55. Kd5 Kf6 56. h6 Kf7 57. f5 Kg8 58. f6 Kh8 59. f7 Bc5 60. a7 Bf8 1-0

[Event "28. Klatovy A 2022"]
[Site "Klatovy"]
[Date "2022.07.04"]
[Round "3.6"]
[White "Kopriva, Martin"]
[Black "Eret, Matous"]
[Result "0-1"]
[WhiteElo "2124"]
[BlackElo "2273"]
[PlyCount "76"]
[EventDate "2022.07.02"]
[EventType "swiss"]
[EventRounds "9"]
[EventCountry "CZE"]

1. e4 e5 2. Bc4 Nc6 3. Nf3 Nf6 4. d3 Be7 5. c3 O-O 6. O-O d5 7. exd5 Nxd5 8. Re1 Bg4 9. h3 Bh5 10. Na3 Kh8 11. g4 Bg6 12. Nxe5 Nxe5 13. Rxe5 c6 14. Bxd5 Bd6 15. Re3 cxd5 16. Nb5 Bb8 17. Rf3 h5 18. g5 a6 19. Nd4 h4 20. Qf1 Bh5 21. Qg2 Bxf3 22. Nxf3 Qd7 23. Be3 Qf5 24. Nxh4 Qxd3 25. Qg4 Qe4 26. Qh5+ Kg8 27. Rd1 g6 28. Qh6 Be5 29. Bd4 Rae8 30. Bxe5 Rxe5 31. Rd4 Qb1+ 32. Kg2 Rfe8 33. Rf4 Re1 34. Nf5 Rg1+ 35. Kh2 Rh1+ 36. Kg3 Qg1+ 37. Kf3 gxf5 38. Rh4 Rxh3+ 0-1

[Event "28. Klatovy A 2022"]
[Site "Klatovy"]
[Date "2022.07.04"]
[Round "3.7"]
[White "Formanek, Martin"]
[Black "Jirousek, Jan"]
[Result "1/2-1/2"]
[WhiteElo "2233"]
[BlackElo "2094"]
[PlyCount "44"]
[EventDate "2022.07.02"]
[EventType "swiss"]
[EventRounds "9"]
[EventCountry "CZE"]

1. e4 c6 2. d4 d5 3. e5 Bf5 4. Be3 e6 5. Nd2 Nd7 6. Ngf3 h6 7. Be2 Ne7 8. O-O Bh7 9. Nb3 Ng6 10. Nfd2 Be7 11. f4 O-O 12. g3 Rc8 13. c4 dxc4 14. Nxc4 Nb6 15. Nxb6 Qxb6 16. Qc1 Qc7 17. Bf3 Rfd8 18. Qc4 Nf8 19. Rac1 Qb8 20. Rfd1 Nd7 21. Qe2 Nb6 22. Bf2 Nd5 1/2-1/2

[Event "28. Klatovy A 2022"]
[Site "Klatovy"]
[Date "2022.07.04"]
[Round "3.8"]
[White "Dvorak, Jan"]
[Black "Kupsa, Matej 2001"]
[Result "1/2-1/2"]
[WhiteElo "2194"]
[BlackElo "2079"]
[PlyCount "48"]
[EventDate "2022.07.02"]
[EventType "swiss"]
[EventRounds "9"]
[EventCountry "CZE"]

1. d4 Nf6 2. c4 e6 3. Nf3 d5 4. Bg5 Be7 5. Nc3 h6 6. Bh4 O-O 7. e3 Ne4 8. Bxe7 Qxe7 9. Bd3 Nxc3 10. bxc3 dxc4 11. Bxc4 b6 12. O-O Bb7 13. Qe2 c5 14. e4 Nd7 15. Rad1 cxd4 16. cxd4 Nf6 17. Bd3 Rfd8 18. Rfe1 Rac8 19. Qb2 Qc7 20. Qa3 Qb8 21. Bb1 Qc7 22. Rc1 Qb8 23. Rcd1 Qc7 24. Rc1 Qb8 1/2-1/2

[Event "28. Klatovy A 2022"]
[Site "Klatovy"]
[Date "2022.07.04"]
[Round "3.9"]
[White "Skypala, Ondrej"]
[Black "Turner, Radek"]
[Result "1/2-1/2"]
[WhiteElo "2142"]
[BlackElo "2032"]
[PlyCount "112"]
[EventDate "2022.07.02"]
[EventType "swiss"]
[EventRounds "9"]
[EventCountry "CZE"]

1. c4 Nf6 2. g3 c5 3. Bg2 g6 4. Nc3 Bg7 5. a3 Nc6 6. e3 O-O 7. Nge2 Rb8 8. Rb1 d6 9. O-O Bf5 10. d3 Qc8 11. Nf4 a6 12. b4 cxb4 13. axb4 b5 14. cxb5 axb5 15. Ncd5 Nxd5 16. Nxd5 Qd7 17. Bb2 Ne5 18. f4 Bxd3 19. fxe5 Bxb1 20. Qxb1 Bxe5 21. Bxe5 dxe5 22. Qe4 f6 23. Qh4 Kg7 24. e4 Rbc8 25. Bh3 Qa7+ 26. Kh1 Rc2 27. Qg4 Rf2 28. Qd1 Rxf1+ 29. Bxf1 Rd8 30. Qf3 Qa1 31. Kg2 Qb2+ 32. Kh3 Qd2 33. Bxb5 f5 34. Nc7 Rc8 35. Ne6+ Kf6 36. exf5 Rc3 37. Qe2 Qh6+ 38. Kg2 gxf5 39. Nc5 Qc1 40. Nd3 Qc2 41. Nc5 e4 42. g4 Qc1 43. Ba4 Qf4 44. Qa6+ Qd6 45. Nd7+ Kg5 46. Qxd6 exd6 47. gxf5 Kxf5 48. b5 Ra3 49. Bd1 Ra2+ 50. Kg3 Ra3+ 51. Kh4 Ke6 52. Nf8+ Kd5 53. Nxh7 Rd3 54. Bg4 Rb3 55. Nf6+ Kd4 56. Ne8 Rxb5 1/2-1/2

[Event "28. Klatovy A 2022"]
[Site "Klatovy"]
[Date "2022.07.04"]
[Round "3.11"]
[White "Palek, Miroslav"]
[Black "Novotny, Jaroslav2"]
[Result "1/2-1/2"]
[WhiteElo "2125"]
[BlackElo "1911"]
[PlyCount "118"]
[EventDate "2022.07.02"]
[EventType "swiss"]
[EventRounds "9"]
[EventCountry "CZE"]

1. e4 c5 2. Nf3 d6 3. Bb5+ Nc6 4. O-O Bd7 5. Re1 e6 6. c3 Be7 7. d4 cxd4 8. cxd4 a6 9. Bf1 Nf6 10. Nc3 O-O 11. d5 exd5 12. exd5 Na7 13. Qb3 b5 14. h3 Re8 15. Be3 Bf8 16. Red1 Ne4 17. Rac1 Nxc3 18. Rxc3 Nc8 19. Nd4 Ne7 20. Nc6 Nxc6 21. dxc6 Be6 22. c7 Qd7 23. Qc2 Rac8 24. a4 d5 25. axb5 axb5 26. Rc6 Bd6 27. Bb6 Bf5 28. Qc1 Be6 29. Ba5 Re7 30. Bxb5 Bxc7 31. Rxc7 Rxc7 32. Bxd7 Rxc1 33. Rxc1 Bxd7 34. Rc7 f6 35. Bb4 Rf7 36. Rc5 Be6 37. Rc6 Rb7 38. Rxe6 Rxb4 39. Re2 Kf7 40. Kf1 f5 41. Ke1 Kf6 42. Kd1 g5 43. Kc2 h5 44. f3 g4 45. fxg4 hxg4 46. hxg4 Rxg4 47. Kc3 Rc4+ 48. Kd3 Rb4 49. Kc2 Kg5 50. b3 Rg4 51. Kc3 Rg3+ 52. Kc2 Kf4 53. b4 d4 54. Rd2 Rc3+ 55. Kd1 Ke4 56. Re2+ Kd3 57. Rf2 Ke4 58. Re2+ Kd3 59. Rf2 Ke4 1/2-1/2

[Event "28. Klatovy A 2022"]
[Site "Klatovy"]
[Date "2022.07.04"]
[Round "3.12"]
[White "Lhotska, Anna"]
[Black "Martirosyan, David"]
[Result "1-0"]
[WhiteElo "2113"]
[BlackElo "1826"]
[PlyCount "67"]
[EventDate "2022.07.02"]
[EventType "swiss"]
[EventRounds "9"]
[EventCountry "CZE"]

1. e4 e5 2. Nf3 Nf6 3. d4 Nxe4 4. Bd3 d5 5. Nxe5 Nd7 6. Nc3 Bb4 7. O-O Nxe5 8. dxe5 Nxc3 9. bxc3 Bxc3 10. Rb1 O-O 11. Bxh7+ Kxh7 12. Qd3+ Kg8 13. Qxc3 b6 14. Qg3 Bf5 15. Bh6 Bg6 16. Bg5 Qd7 17. Rb3 Bh5 18. Rb4 d4 19. h3 c5 20. Rbb1 Bg6 21. f4 c4 22. h4 d3 23. cxd3 Qxd3 24. Qf2 Bh5 25. f5 Rfe8 26. Rbe1 c3 27. f6 Qc4 28. Qg3 c2 29. Bf4 g6 30. Qg5 Bd1 31. h5 c1=Q 32. Bxc1 Bxh5 33. Re3 Kh7 34. Rc3 1-0

[Event "28. Klatovy A 2022"]
[Site "Klatovy"]
[Date "2022.07.04"]
[Round "3.13"]
[White "Richter, Martin1"]
[Black "Hulin, Petr"]
[Result "1/2-1/2"]
[WhiteElo "1929"]
[BlackElo "2090"]
[PlyCount "51"]
[EventDate "2022.07.02"]
[EventType "swiss"]
[EventRounds "9"]
[EventCountry "CZE"]

1. e4 e5 2. Nf3 Nc6 3. Bb5 a6 4. Ba4 Nf6 5. O-O Bc5 6. d3 b5 7. Bb3 d6 8. h3 h6 9. c3 O-O 10. Re1 Be6 11. Bc2 Bb6 12. Nbd2 Ne7 13. d4 Ng6 14. Nf1 c5 15. dxe5 dxe5 16. Be3 Qc7 17. Re2 Rad8 18. Rd2 Rxd2 19. Qxd2 Rd8 20. Qe1 Rd7 21. Ng3 c4 22. Bxb6 Qxb6 23. Rd1 Qd8 24. Rxd7 Qxd7 25. Qd2 Qxd2 26. Nxd2 1/2-1/2

[Event "28. Klatovy A 2022"]
[Site "Klatovy"]
[Date "2022.07.04"]
[Round "3.14"]
[White "Mach, Ondrej"]
[Black "Skola, Miroslav"]
[Result "0-1"]
[WhiteElo "1910"]
[BlackElo "2086"]
[PlyCount "108"]
[EventDate "2022.07.02"]
[EventType "swiss"]
[EventRounds "9"]
[EventCountry "CZE"]

1. d4 d5 2. c4 c6 3. Nc3 Nf6 4. e3 e6 5. Nf3 Nbd7 6. Qc2 Be7 7. Bd3 dxc4 8. Bxc4 b5 9. Be2 Bb7 10. O-O a6 11. e4 c5 12. d5 exd5 13. e5 Ne4 14. Rd1 Nxc3 15. bxc3 Qb8 16. Bf4 Nf8 17. a4 Ne6 18. Bd2 Bc6 19. Rab1 c4 20. Be3 Qc7 21. axb5 axb5 22. Nd4 Nxd4 23. Bxd4 O-O 24. f4 b4 25. cxb4 Ba4 26. Qf5 Bxd1 27. Bxd1 Qc8 28. Qh5 g6 29. Qf3 Qf5 30. Rc1 Bxb4 31. Bc2 Qc8 32. Kh1 Bc5 33. Qxd5 Bxd4 34. Qxd4 Rd8 35. Qe3 Qd7 36. Be4 Qd1+ 37. Qg1 Qxg1+ 38. Kxg1 Rac8 39. Kf2 c3 40. Ke3 Rc5 41. Rc2 Kf8 42. Bd3 Ke7 43. Ra2 Rd7 44. g3 Rcd5 45. Be2 Rd2 46. Ra8 Rc7 47. Ra1 Ke6 48. Ra6+ Kd7 49. Ra1 Kc6 50. Rc1 Kd5 51. Bf3+ Kc4 52. Rb1 c2 53. Rc1 Kc3 54. Be4 Rxh2 0-1

[Event "28. Klatovy A 2022"]
[Site "Klatovy"]
[Date "2022.07.04"]
[Round "3.15"]
[White "Novak, Vaclav2"]
[Black "Kunc, Jan"]
[Result "0-1"]
[WhiteElo "1904"]
[BlackElo "2062"]
[PlyCount "72"]
[EventDate "2022.07.02"]
[EventType "swiss"]
[EventRounds "9"]
[EventCountry "CZE"]

1. e4 c5 2. Nf3 d6 3. d4 cxd4 4. Nxd4 Nf6 5. Nc3 g6 6. Be2 Bg7 7. O-O O-O 8. Be3 Nc6 9. Nf3 a6 10. Bd3 b5 11. a3 Bb7 12. h3 Rc8 13. Qe2 Na5 14. Nd2 Nd7 15. Nd1 Nb6 16. c3 Nbc4 17. f3 Nxe3 18. Nxe3 Qb6 19. Kh1 e6 20. Rad1 d5 21. Qf2 d4 22. Nc2 Nc4 23. Bxc4 bxc4 24. Rb1 e5 25. b3 cxb3 26. Rxb3 Qc7 27. c4 a5 28. Rfb1 Ba6 29. Ne1 Bh6 30. Nd3 Be3 31. Qe1 Bxd2 32. Qxd2 Bxc4 33. Rb7 Qd6 34. R1b6 Qxa3 35. Nxe5 d3 36. Qh6 Qa1+ 0-1

[Event "28. Klatovy A 2022"]
[Site "Klatovy"]
[Date "2022.07.04"]
[Round "3.16"]
[White "Gernert, Otakar"]
[Black "Roubal, Matyas"]
[Result "1/2-1/2"]
[WhiteElo "2039"]
[BlackElo "1909"]
[PlyCount "56"]
[EventDate "2022.07.02"]
[EventType "swiss"]
[EventRounds "9"]
[EventCountry "CZE"]

1. d4 Nf6 2. Nf3 g6 3. c4 Bg7 4. Nc3 d6 5. g3 O-O 6. Bg2 Nc6 7. O-O Bf5 8. b3 Ne4 9. Bb2 Nxc3 10. Bxc3 Be4 11. e3 e5 12. Rc1 Re8 13. b4 a5 14. a3 axb4 15. axb4 Ra3 16. b5 exd4 17. exd4 Bxf3 18. Bxf3 Nxd4 19. Bxd4 Bxd4 20. Bxb7 Qf6 21. Rc2 Qe5 22. Kg2 h5 23. Bf3 Qf6 24. h4 Bc5 25. Rd2 Re5 26. Rd3 Ra2 27. Rd2 Ra3 28. Rd3 Ra2 1/2-1/2

[Event "28. Klatovy A 2022"]
[Site "Klatovy"]
[Date "2022.07.04"]
[Round "3.17"]
[White "Stastny, Jakub"]
[Black "Hosnedl, Jiri"]
[Result "1-0"]
[WhiteElo "2023"]
[BlackElo "1744"]
[PlyCount "92"]
[EventDate "2022.07.02"]
[EventType "swiss"]
[EventRounds "9"]
[EventCountry "CZE"]

1. d4 d5 2. c4 e6 3. Nc3 Nf6 4. Bg5 Be7 5. cxd5 exd5 6. e3 O-O 7. Bd3 h6 8. Bh4 c6 9. Qc2 Re8 10. Nf3 Nbd7 11. O-O Ne4 12. Bxe7 Qxe7 13. Rab1 Ndf6 14. b4 Bf5 15. b5 cxb5 16. Nxb5 Rec8 17. Qb2 a6 18. Na3 b5 19. Rfc1 Ng4 20. Bxe4 Bxe4 21. Rxc8+ Rxc8 22. Rc1 Rc7 23. Nb1 Bd3 24. Nc3 Nf6 25. Ne5 Bc4 26. h3 Qd6 27. Re1 Nd7 28. Nxd7 Rxd7 29. Rd1 f5 30. Qb1 g6 31. Rc1 Kg7 32. Qb2 f4 33. Re1 Re7 34. Qd2 Qe6 35. e4 f3 36. e5 fxg2 37. Kxg2 Qf5 38. a3 Rf7 39. Qe3 Qe6 40. Rb1 Rb7 41. Na4 Rf7 42. Nc5 Qf5 43. Re1 a5 44. Qg3 b4 45. axb4 axb4 46. Re3 Qg5 1-0

[Event "28. Klatovy A 2022"]
[Site "Klatovy"]
[Date "2022.07.04"]
[Round "3.18"]
[White "Mametev, Artem"]
[Black "Strnad, Jakub"]
[Result "0-1"]
[WhiteElo "1888"]
[BlackElo "1994"]
[PlyCount "62"]
[EventDate "2022.07.02"]
[EventType "swiss"]
[EventRounds "9"]
[EventCountry "CZE"]

1. e4 e5 2. Nf3 Nc6 3. d4 exd4 4. Nxd4 Bc5 5. Nxc6 Qf6 6. Qd2 Qxc6 7. Bd3 Nf6 8. O-O O-O 9. b4 Bd6 10. b5 Qc5 11. Ba3 Qe5 12. Bxd6 Qxd6 13. Qg5 h6 14. Qf5 Qd4 15. Nd2 d5 16. Qf3 Re8 17. Nb3 Qe5 18. exd5 Bg4 19. Qg3 Qxd5 20. f3 Bf5 21. Bxf5 Qxf5 22. Qxc7 Qxb5 23. Nd4 Qd5 24. Qf4 Qc4 25. Rfd1 Nd5 26. Qd2 Nc3 27. Qd3 Qc5 28. Rd2 Re2 29. Kf1 Rxd2 30. Qxd2 Rd8 31. Re1 Qc4+ 0-1

[Event "28. Klatovy A 2022"]
[Site "Klatovy"]
[Date "2022.07.04"]
[Round "3.19"]
[White "Lhotsky, Zdenek"]
[Black "Chalus, Karel"]
[Result "1/2-1/2"]
[WhiteElo "1794"]
[BlackElo "1975"]
[PlyCount "66"]
[EventDate "2022.07.02"]
[EventType "swiss"]
[EventRounds "9"]
[EventCountry "CZE"]

1. e4 e5 2. Nf3 Nc6 3. Bb5 a6 4. Ba4 Nf6 5. Qe2 Be7 6. c3 d6 7. O-O b5 8. Bb3 O-O 9. Rd1 Na5 10. Bc2 c5 11. d4 Qc7 12. d5 Nb7 13. b3 Bd7 14. Nbd2 Ne8 15. a4 Rb8 16. Bd3 Nd8 17. Nf1 g6 18. Bh6 Ng7 19. Ng3 f6 20. axb5 axb5 21. Ra2 Nf7 22. Bxg7 Kxg7 23. Rda1 Rb7 24. Nd2 Rfb8 25. Qe3 Qc8 26. h4 f5 27. f4 Bxh4 28. exf5 exf4 29. Qxf4 Bg5 30. Qe4 Ne5 31. Nf3 Nxd3 32. Nxg5 Bxf5 33. Qh4 Qg8 1/2-1/2

[Event "28. Klatovy A 2022"]
[Site "Klatovy"]
[Date "2022.07.04"]
[Round "3.20"]
[White "Mik, Tomas"]
[Black "Bartonicek, Zdenek"]
[Result "1-0"]
[WhiteElo "1683"]
[BlackElo "1976"]
[PlyCount "97"]
[EventDate "2022.07.02"]
[EventType "swiss"]
[EventRounds "9"]
[EventCountry "CZE"]

1. e4 d6 2. d4 Nf6 3. Nc3 Nbd7 4. Be3 e5 5. Be2 c6 6. h3 Be7 7. Nf3 Qc7 8. O-O Nf8 9. Qd2 h6 10. Rfd1 g5 11. h4 Ng4 12. hxg5 Nxe3 13. Qxe3 hxg5 14. dxe5 dxe5 15. Nxg5 Ne6 16. Nxe6 Bxe6 17. Na4 b6 18. a3 Rd8 19. b4 Bd6 20. Qg5 Be7 21. Qg7 Rf8 22. Rxd8+ Bxd8 23. Rd1 Be7 24. c4 Bd7 25. Nc3 a6 26. Na4 b5 27. Nb2 Be6 28. c5 Bb3 29. Rd2 Be6 30. Bh5 Bc4 31. Bg4 Be6 32. Bxe6 fxe6 33. Qg6+ Rf7 34. Qxe6 Rf6 35. Qg8+ Bf8 36. Qg5 Bg7 37. Nd3 Re6 38. Qf5 Qe7 39. Qh5+ Kf8 40. f4 Rh6 41. Qf5+ Kg8 42. Qg5 Qd7 43. f5 Qd4+ 44. Nf2 Qc3 45. Nd1 Qc4 46. Rd8+ Kh7 47. Rd7 Qg8 48. f6 Rg6 49. Qxg6+ 1-0

[Event "28. Klatovy A 2022"]
[Site "Klatovy"]
[Date "2022.07.04"]
[Round "3.21"]
[White "Flajsman, Petr"]
[Black "Pick, Stepan"]
[Result "1-0"]
[WhiteElo "1809"]
[BlackElo "1952"]
[PlyCount "63"]
[EventDate "2022.07.02"]
[EventType "swiss"]
[EventRounds "9"]
[EventCountry "CZE"]

1. d4 f5 2. Nf3 Nf6 3. Bf4 d6 4. e3 g6 5. Nbd2 Bg7 6. Bc4 e6 7. c3 Qe7 8. Qc2 Nc6 9. O-O-O Bd7 10. Rhe1 Ne4 11. Nxe4 fxe4 12. Bg5 Bf6 13. Bxf6 Qxf6 14. Qxe4 O-O-O 15. Qc2 g5 16. Qe2 Rdf8 17. Rf1 Ne7 18. Nd2 Bc6 19. f3 Ng6 20. Bb5 Bxb5 21. Qxb5 a6 22. Qe2 h6 23. Ne4 Qf7 24. Kb1 Re8 25. Ka1 Re7 26. b4 e5 27. d5 Qe8 28. Qc4 Kb8 29. Rf2 Nh4 30. Rb2 Nf5 31. Qd3 Qa4 32. Rdb1 1-0

[Event "28. Klatovy A 2022"]
[Site "Klatovy"]
[Date "2022.07.04"]
[Round "3.22"]
[White "Popov, Roman4"]
[Black "Krauskopfova, Lenka 1996"]
[Result "0-1"]
[WhiteElo "1826"]
[BlackElo "1839"]
[PlyCount "158"]
[EventDate "2022.07.02"]
[EventType "swiss"]
[EventRounds "9"]
[EventCountry "CZE"]

1. d4 Nf6 2. c4 g6 3. Nc3 Bg7 4. e4 d6 5. Nf3 Bg4 6. Be2 Nc6 7. O-O O-O 8. Be3 e5 9. d5 Ne7 10. Ne1 Bxe2 11. Qxe2 Nh5 12. Nd3 f5 13. f3 Kh8 14. c5 Ng8 15. Rac1 Bh6 16. cxd6 cxd6 17. Nb5 fxe4 18. fxe4 Bxe3+ 19. Qxe3 Qd7 20. a4 a6 21. Nc3 Kg7 22. b4 Nhf6 23. Qb6 Rfc8 24. Rf2 Rc4 25. Nb2 Rc7 26. Rfc2 Rac8 27. Qf2 b5 28. axb5 axb5 29. Qe2 Nh6 30. Nbd1 Nf7 31. Ne3 Ng5 32. Qd3 Nh5 33. h4 Nf4 34. Qf1 Nf7 35. Nxb5 Rxc2 36. Rxc2 Rxc2 37. Nxc2 Qg4 38. Ne3 Qxh4 39. Nc4 Qe7 40. Qf3 Qd7 41. Nba3 Qa7+ 42. Kh2 Ng5 43. Qe3 Qxe3 44. Nxe3 Nxe4 45. b5 Nc5 46. b6 Kf7 47. g3 Nfd3 48. Nec4 Nb7 49. Nb5 Ke7 50. Na7 Kd7 51. Nc6 h5 52. Kg2 g5 53. Kf3 Ndc5 54. Nb8+ Ke7 55. Nc6+ Kd7 56. Nb8+ Ke7 57. Nc6+ Kf6 58. N6a5 Kf5 59. Ne3+ Kf6 60. Nec4 g4+ 61. Ke3 Kg5 62. Nc6 h4 63. gxh4+ Kxh4 64. Ne7 Kh3 65. Kf2 Kh2 66. Nf5 Nd3+ 67. Ke3 Nf4 68. Ncxd6 Nxd6 69. Nxd6 Nxd5+ 70. Ke4 Nxb6 71. Nf5 Nd7 72. Ke3 g3 73. Nh4 Nf6 74. Nf3+ Kh1 75. Nxe5 g2 76. Nf3 Ng4+ 77. Kf4 Nh2 78. Kg3 Nxf3 79. Kh3 Nd2 0-1

[Event "28. Klatovy A 2022"]
[Site "Klatovy"]
[Date "2022.07.04"]
[Round "3.23"]
[White "Kroulik, Vaclav"]
[Black "Cecil, Pavel"]
[Result "1-0"]
[WhiteElo "1749"]
[BlackElo "1898"]
[PlyCount "67"]
[EventDate "2022.07.02"]
[EventType "swiss"]
[EventRounds "9"]
[EventCountry "CZE"]

1. e4 e6 2. Nf3 d5 3. Nc3 Nf6 4. e5 Nfd7 5. d4 c5 6. dxc5 Bxc5 7. Bd3 Nc6 8. Qe2 a6 9. Bf4 Nb4 10. O-O Nxd3 11. cxd3 Nb6 12. Rac1 Be7 13. Nd4 O-O 14. Be3 Bd7 15. f4 Rc8 16. Rf3 f5 17. Kh1 Na8 18. Rh3 g6 19. g4 Nc7 20. gxf5 exf5 21. Qg2 Bc6 22. Rg1 Qe8 23. Rh5 Kh8 24. Nce2 Ne6 25. Rh6 Qf7 26. Qxg6 Qxg6 27. Rgxg6 Nc5 28. Nxc6 Rxc6 29. Rxc6 bxc6 30. Rxc6 Nxd3 31. Rxa6 Nxb2 32. Bd4 Nc4 33. Ra7 Re8 34. Ng3 1-0

[Event "28. Klatovy A 2022"]
[Site "Klatovy"]
[Date "2022.07.04"]
[Round "3.24"]
[White "Langmajer, Jan"]
[Black "Boucek, Vlastimil 1968"]
[Result "1-0"]
[WhiteElo "1869"]
[BlackElo "1756"]
[PlyCount "43"]
[EventDate "2022.07.02"]
[EventType "swiss"]
[EventRounds "9"]
[EventCountry "CZE"]

1. e4 e5 2. Bc4 d6 3. d4 Nd7 4. Nf3 c6 5. O-O Be7 6. Nc3 Ngf6 7. h3 h6 8. Be3 Qc7 9. Bb3 Nf8 10. Qd2 Ng6 11. Ne1 Nh5 12. Nd3 exd4 13. Bxd4 Ne5 14. f4 Nxd3 15. cxd3 Be6 16. Bxe6 fxe6 17. Qd1 Nxf4 18. Rxf4 e5 19. Qh5+ Kd7 20. Qg4+ Ke8 21. Qxg7 Rf8 22. Rxf8+ 1-0

[Event "28. Klatovy A 2022"]
[Site "Klatovy"]
[Date "2022.07.04"]
[Round "3.25"]
[White "Fiser, Jiri2"]
[Black "Pecka, Jan"]
[Result "0-1"]
[WhiteElo "1800"]
[BlackElo "1863"]
[PlyCount "68"]
[EventDate "2022.07.02"]
[EventType "swiss"]
[EventRounds "9"]
[EventCountry "CZE"]

1. e4 e5 2. Nf3 Nc6 3. Bb5 a6 4. Ba4 Nf6 5. d3 d6 6. c3 g6 7. O-O Bg7 8. Re1 O-O 9. Nbd2 b5 10. Bc2 Nb8 11. a4 Bb7 12. axb5 axb5 13. Rxa8 Bxa8 14. d4 Nbd7 15. Qe2 c6 16. dxe5 dxe5 17. b4 Bh6 18. Nb3 Bxc1 19. Rxc1 Qb6 20. Rb1 Rc8 21. h3 c5 22. bxc5 Nxc5 23. Nxc5 Rxc5 24. Bd3 Rxc3 25. Rxb5 Qd6 26. Nxe5 Rc1+ 27. Kh2 Bc6 28. Ra5 Ra1 29. Rxa1 Qxe5+ 30. f4 Qxa1 31. e5 Nd5 32. Qf2 Qa4 33. g3 Nb4 34. Bf1 Qd1 0-1

[Event "28. Klatovy A 2022"]
[Site "Klatovy"]
[Date "2022.07.04"]
[Round "3.26"]
[White "Danko, Jiri"]
[Black "Paldus, Jan"]
[Result "1-0"]
[WhiteElo "1837"]
[BlackElo "1709"]
[PlyCount "62"]
[EventDate "2022.07.02"]
[EventType "swiss"]
[EventRounds "9"]
[EventCountry "CZE"]

1. e4 d6 2. d4 Nf6 3. Nc3 g6 4. f3 c6 5. Be3 Nbd7 6. Qd2 b5 7. d5 cxd5 8. Nxd5 a6 9. O-O-O Bb7 10. h4 Nxd5 11. exd5 Nf6 12. Bd4 h5 13. Bxf6 exf6 14. Re1+ Be7 15. g4 Kf8 16. Rh2 Qc7 17. Rhe2 Re8 18. g5 fxg5 19. Qd4 Rg8 20. Nh3 Qc4 21. Qe3 Qxd5 22. Kb1 Qxf3 23. Qd4 Qd5 24. Qf2 gxh4 25. Nf4 Qf5 26. Bh3 Qf6 27. Bd7 Rd8 28. Rxe7 g5 29. Ne6+ Kxe7 30. Nxd8+ Kxd8 31. Qxf6+ Kxd7 1-0